Bionicle : (Record no. 429)

MARC details
000 -LEADER
fixed length control field 01574nam a22003377a 4500
001 - CONTROL NUMBER
control field 429
003 - CONTROL NUMBER IDENTIFIER
control field FISKH
005 - DATE AND TIME OF LATEST TRANSACTION
control field 20230420125723.0
008 - FIXED-LENGTH DATA ELEMENTS--GENERAL INFORMATION
fixed length control field 230420b cb ||||| |||| 00| 0 eng d
020 ## - INTERNATIONAL STANDARD BOOK NUMBER
International Standard Book Number 9781597071215
035 ## - SYSTEM CONTROL NUMBER
System control number (OCoLC)ocm56116865
040 ## - CATALOGING SOURCE
Original cataloging agency IF9
Transcribing agency IF9
Modifying agency VP@
-- DLC
-- FISKH
Language of cataloging eng
050 00 - LIBRARY OF CONGRESS CALL NUMBER
Classification number MLCM 2006/43320
082 ## - DEWEY DECIMAL CLASSIFICATION NUMBER
Classification number 741.5
100 1# - MAIN ENTRY--PERSONAL NAME
Personal name Farshtey, Greg.
245 10 - TITLE STATEMENT
Title Bionicle :
Remainder of title #3 city of legends /
Statement of responsibility, etc. Greg Farshtey.
246 3# - VARYING FORM OF TITLE
Remainder of title city of legends
260 ## - PUBLICATION, DISTRIBUTION, ETC.
Place of publication, distribution, etc. New York :
Name of publisher, distributor, etc. Papercutz
Date of publication, distribution, etc. 2008
300 ## - PHYSICAL DESCRIPTION
Extent 46 leaves of plates :
Other physical details col. ill., maps ;
Dimensions 21 cm.
520 ## - SUMMARY, ETC.
Summary, etc. The Matoran have rediscovered their original homeland, Metru Nui, and are preparing to return there for the first time in 1000 years. The six Turaga who rule the island of Mata Nui reveal that they too were once Toa, and guardians of Metru Nui but were too late to stop Makuta from plunging both the Matoran and the Great Spirit into unending sleep
521 8# - TARGET AUDIENCE NOTE
Target audience note 340 <br/>
Source Lexile
521 8# - TARGET AUDIENCE NOTE
Target audience note F <br/>
Source Raz-Plus
650 #0 - SUBJECT ADDED ENTRY--TOPICAL TERM
Topical term or geographic name entry element Mata Nui (Imaginary place)
Form subdivision Juvenile fiction.
650 #0 - SUBJECT ADDED ENTRY--TOPICAL TERM
Topical term or geographic name entry element Action figures (Toys)
Form subdivision Juvenile fiction.
650 #0 - SUBJECT ADDED ENTRY--TOPICAL TERM
Topical term or geographic name entry element LEGO toys
Form subdivision Juvenile fiction.
655 #7 - INDEX TERM--GENRE/FORM
Genre/form data or focus term Science fiction
Form subdivision Juvenile fiction.
Source of term gsafd
856 42 - ELECTRONIC LOCATION AND ACCESS
Materials specified Publisher description
Uniform Resource Identifier <a href="http://www.loc.gov/catdir/enhancements/fy1203/2005273696-d.html">http://www.loc.gov/catdir/enhancements/fy1203/2005273696-d.html</a>
906 ## - LOCAL DATA ELEMENT F, LDF (RLIN)
a 7
b cbc
c copycat
d 2
e ncip
f 20
g y-gencatlg
942 ## - ADDED ENTRY ELEMENTS (KOHA)
Source of classification or shelving scheme Dewey Decimal Classification
Koha item type Books
Suppress in OPAC No
Holdings
Withdrawn status Lost status Source of classification or shelving scheme Damaged status Not for loan Collection Home library Current library Shelving location Date acquired Total Checkouts Full call number Barcode Date last seen Date last checked out Price effective from Koha item type
    Dewey Decimal Classification     Juvenile Fiction Footprints International School Library Network Toul Kork Campus Footprints International School Library Network Toul Kork Campus A TK Campus, Comic Books (All Reading Levels), B401 Bookcase 1/2, Shelf 3 04/20/2023 4 FAR 741.5 PZ7 FISTK01006 05/10/2024 01/12/2024 04/20/2023 Books